Statistics for Members of the Rogue One by Picture

Click here to take the quiz!

General Stats

  • This quiz has been taken 7 times
  • The average score is 6 of 8

Answer Stats

Answer% Correct
Cassian Andor
100%
Jyn Erso
100%
Chirrut Îmwe
80%
K-2SO
80%
Baze Malbus
60%
Bodhi Rook
60%
Moroff
40%
Paodok'Draba'Takat Sap'De'Rekti Nik'Linke'Ti' Ki'Vef'Nik'NeSevef'Li'Kek
40%

Score Distribution

Percentile by Number Answered

Percent of People with Each Score

Your Score History

You have not taken this quiz